Statistics for The Matthew Stafford Quiz

Click here to take the quiz!

General Stats

  • This quiz has been taken 65 times
    (29 since last reset)
  • The average score is 11 of 15

Answer Stats

Hint Answer % Correct
What position does Matthew Stafford play in the NFL?Quarterback
96%
What NFL team does Matthew play for?Detroit Lions
96%
What pick was he in the 2009 NFL Draft1st Overall
83%
What is Stafford's number in the NFL?9
83%
How many years did Matthew Stafford play college football?Three
83%
What is Stafford's personal record for the most touchdowns he has thrown in one game?Five
83%
What is Matthew's real first name?John
78%
What was Stafford's college number?7
78%
How many playoff games has Stafford won in his career?Zero
78%
What college did Stafford play football at?Georgia
74%
Who is Matthew Stafford's favorite wide receiver to throw the ball to?Calvin Johnson
74%
Stafford threw for over how many yards in 2011?5,000
61%
How many touchdown passes did Stafford throw in 2011?41
57%
What city was Matthew born in?Tampa Bay
52%
What high school did Matthew Stafford go to?Highland Park High School
35%

Score Distribution

Percentile by Number Answered

Percent of People with Each Score

Your Score History

You have not taken this quiz since the last reset